000 00876nam a2200265Ia 4500
003 OSt
005 20221005110432.0
006 a|||||r|||| 00| 0
007 ta
008 221004b |||||||| |||| 00| 0 hin d
020 _a9789380819305 (hbk)
_c380
024 _a19987
037 _b24019, 27/03/2015, Kitab Ghar
_cTextual
040 _aCRL
_cCRL
_bhin
041 _2hin
_ahin
082 _aO152,1L13:g, P7
100 _aशर्मा, गीता
245 0 _aगिरीधर कविराय
246 _aGirīdhar kavirāya
260 _aनई दिल्ली
_bकिताबघर भारत
_c2011
300 _a192पृ0
_ccm.
650 _aहिन्दी साहित्य
942 _hO152,1L13:g, P7
_cTEXL
_2cc
999 _c1018799
_d1018799